000 00485nam a2200181Ia 4500
008 221030s9999 xx 000 0 und d
020 _a8122406173
041 _aEnglish
082 _a105.23
_bBha
100 _aS. S. Bhavikatti
245 0 _aEngineering Mechanics
_cby S. S. Bhavikatti , K. G. Rajashekarappa
250 _aRev.
260 _bNew Age International Pub.
_aNew Delhi
_c2000
300 _a537
650 _aMechanical
700 _aK. G. Rajashekarappa
942 _cBK
999 _c6876
_d6876